000 00475nam a2200181Ia 4500
005 20250423100617.0
008 250422s9999 xx 000 0 und d
020 _a9784784831
050 _aSF 95 .A48/
100 _aAlu, S. E.
245 0 _aPrimer of animal nutrition and biochemistry
260 _aKeffi
260 _bOnaivi Printing & Publishing Co. Ltd.
260 _c2015
300 _a255 p
650 _a Cattle. Biochemistry. Animal nutrition.
942 _cBK
999 _c33821
_d33821